<?xml version="1.0" encoding="UTF-8"?>
<record
    xmlns:xsi="http://www.w3.org/2001/XMLSchema-instance"
    xsi:schemaLocation="http://www.loc.gov/MARC21/slim http://www.loc.gov/standards/marcxml/schema/MARC21slim.xsd"
    xmlns="http://www.loc.gov/MARC21/slim">

  <leader>01297nam a22002537a 4500</leader>
  <controlfield tag="005">20100315102214.0</controlfield>
  <controlfield tag="008">100315t        xxu||||| |||| 00| 0 hin d</controlfield>
  <datafield tag="010" ind1=" " ind2=" ">
    <subfield code="a">HIN-89149</subfield>
  </datafield>
  <datafield tag="020" ind1=" " ind2=" ">
    <subfield code="c">100.00</subfield>
  </datafield>
  <datafield tag="035" ind1=" " ind2=" ">
    <subfield code="a">HN-61495</subfield>
  </datafield>
  <datafield tag="037" ind1=" " ind2=" ">
    <subfield code="b">DBAD / PUB </subfield>
  </datafield>
  <datafield tag="040" ind1=" " ind2=" ">
    <subfield code="a">DPL</subfield>
    <subfield code="b">HN</subfield>
  </datafield>
  <datafield tag="082" ind1=" " ind2=" ">
    <subfield code="a">821</subfield>
  </datafield>
  <datafield tag="100" ind1=" " ind2=" ">
    <subfield code="a">&#x936;&#x930;&#x94D;&#x92E;&#x93E;, &#x915;&#x943;&#x937;&#x94D;&#x923; &#x938;&#x94D;&#x935;&#x930;&#x942;&#x92A; ' &#x92E;&#x948;&#x925;&#x93F;&#x932;&#x947;&#x928;&#x94D;&#x926;&#x94D;&#x930; '</subfield>
    <subfield code="9">17381</subfield>
  </datafield>
  <datafield tag="245" ind1=" " ind2=" ">
    <subfield code="a">&#x926;&#x94B;&#x939;&#x947;- &#x935;&#x93F;&#x92D;&#x93F;&#x928;&#x94D;&#x928; &#x938;&#x94D;&#x935;&#x930;&#x942;&#x92A; /</subfield>
    <subfield code="c">&#x915;&#x943;&#x937;&#x94D;&#x923; &#x938;&#x94D;&#x935;&#x930;&#x942;&#x92A; &#x936;&#x930;&#x94D;&#x92E;&#x93E; ' &#x92E;&#x948;&#x925;&#x93F;&#x932;&#x947;&#x928;&#x94D;&#x926;&#x94D;&#x930; '</subfield>
  </datafield>
  <datafield tag="246" ind1=" " ind2=" ">
    <subfield code="a">Dohai-Vibhinn Swarup/</subfield>
    <subfield code="b">by Krishn Swrup Sharma'Maithilainder</subfield>
  </datafield>
  <datafield tag="260" ind1=" " ind2=" ">
    <subfield code="a">&#x928;&#x930;&#x94D;&#x92E;&#x926;&#x93E;&#x92A;&#x941;&#x930;&#x92E;&#x94D; (&#x92E;.&#x92A;&#x94D;&#x930;.)</subfield>
    <subfield code="b">&#x936;&#x93F;&#x932; &#x938;&#x902;&#x915;&#x932;&#x94D;&#x92A; &#x938;&#x93E;&#x939;&#x93F;&#x924;&#x94D;&#x92F; &#x92A;&#x930;&#x93F;&#x937;&#x926;</subfield>
    <subfield code="c">2009</subfield>
  </datafield>
  <datafield tag="270" ind1=" " ind2=" ">
    <subfield code="a">&#x936;&#x93F;&#x935;&#x93E;&#x91C;&#x940; &#x928;&#x917;&#x930; &#x909;&#x92A;&#x928;&#x93F;&#x935;&#x947;&#x936;&#x93F;&#x915;&#x93E;</subfield>
    <subfield code="b">&#x928;&#x930;&#x94D;&#x92E;&#x926;&#x93E;&#x92A;&#x941;&#x930;&#x92E;&#x94D; (&#x92E;.&#x92A;&#x94D;&#x930;.)</subfield>
    <subfield code="e">461001</subfield>
  </datafield>
  <datafield tag="300" ind1=" " ind2=" ">
    <subfield code="a">100&#x92A;&#x943;</subfield>
    <subfield code="c">22&#x938;&#x947;&#x92E;&#x940; (&#x905;&#x91C;&#x93F;&#x932;&#x94D;&#x926;)</subfield>
  </datafield>
  <datafield tag="650" ind1=" " ind2=" ">
    <subfield code="a">&#x939;&#x93F;&#x928;&#x94D;&#x926;&#x940; &#x915;&#x935;&#x93F;&#x924;&#x93E;</subfield>
    <subfield code="9">697</subfield>
  </datafield>
  <datafield tag="650" ind1=" " ind2=" ">
    <subfield code="a">Hindi poetry</subfield>
    <subfield code="9">698</subfield>
  </datafield>
  <datafield tag="942" ind1=" " ind2=" ">
    <subfield code="2">ddc</subfield>
    <subfield code="c">HN</subfield>
    <subfield code="m">&#x936;&#x930;&#x94D;&#x92E;&#x93E;&#x915;&#x943;</subfield>
  </datafield>
  <datafield tag="999" ind1=" " ind2=" ">
    <subfield code="c">34689</subfield>
    <subfield code="d">34689</subfield>
  </datafield>
  <datafield tag="952" ind1=" " ind2=" ">
    <subfield code="0">0</subfield>
    <subfield code="1">0</subfield>
    <subfield code="2">ddc</subfield>
    <subfield code="4">0</subfield>
    <subfield code="7">1</subfield>
    <subfield code="8">NFIC</subfield>
    <subfield code="a">DBAD</subfield>
    <subfield code="b">DBAD</subfield>
    <subfield code="d">2010-03-15</subfield>
    <subfield code="e">DBAD / PUB</subfield>
    <subfield code="g">100.00</subfield>
    <subfield code="l">0</subfield>
    <subfield code="o">&#x936;&#x930;&#x94D;&#x92E;&#x93E;&#x915;&#x943;</subfield>
    <subfield code="p">HN-61495</subfield>
    <subfield code="r">2010-03-15 00:00:00</subfield>
    <subfield code="t">1</subfield>
    <subfield code="v">100.00</subfield>
    <subfield code="w">2010-03-15</subfield>
    <subfield code="y">HN</subfield>
  </datafield>
</record>
